| 000 | 00624nam a22002177a 4500 | ||
|---|---|---|---|
| 003 | UA-OsUOA | ||
| 001 | 60048 | ||
| 007 | ta | ||
| 008 | 20090506b un ||||| |||| 00| 0 ukr d | ||
| 100 | _aБойко В. | ||
| 090 |
_a94(477) _bБ77 |
||
| 942 | _cSA | ||
| 040 |
_aUA-OsUOA _bukr _cUA-OsUOA _dUA-OsUOA |
||
| 245 | _aУ добу самовизначення. Приєднання до УНР північних повітів Чернігівщини | ||
| 300 | _aС.8 | ||
| 955 | _a0 | ||
| 041 | _aukr | ||
| 080 | _a94(477) | ||
| 773 | 0 | _w60046 | |
| 650 | 7 |
_a9 Географія. Біографії. Історія _2UDC |
|
| 999 |
_c346087 _d346087 |
||